00189nam a22000857a 4500082001600000100003000016245002100046260002700067300000900094 a808.3 SOL'F aSOLZHENITSGN, ALAKSANDR I aTHE FISRT CIRCLE aNEWYORKb1969cABARTON a674P